Paises con mas desarrollo humano de Hispanoamerica - Estadísticas

Estadísticas generales
  • Esta prueba ha sido intentada 31 veces
  • La puntuación promedio es 7 de 8
Estadísticas de respuestas
Indice de Desarrollo Humano Pais % Correcto
0,842(Es el segundo pais con mas idh de Latinoamerica, su idh, es compatible con paises como Turquia, Montenegro, Kuwait y Brunei) Argentina
97%
0,855(Es el pais con mas idh de toda America Latina, su IDH se compara con paises europeos como Croacia, San Marino, Eslovaquia y Hungria) Chile
97%
0,809(Es el tercer pais mas desarrollado de Latinoamerica y el mas desarrollado de America Central, su idh la hace competencia a paises como Bielorrusia, Trinidad y Tobago) Costa Rica
93%
0,809(Junto con Costa Rica, es el tercer pais mas desarrollado de Latinoamerica su idh es compatible con la misma Costa Rica y Bielorrusia) Uruguay
93%
0,805(Es el cuarto o quinto lugar mas desarrollado de Latinoamerica y el segundo de Centroamerica, su idh es comparable en paises como Malasia, Georgia, Mauricio y Serbia) Panamá
90%
0,767(Es el sexto pais mas desarrollado de America Latina y es unos de los mas altos del caribe español, su idh es compatible con paises como Moldavia, Palaos y la misma China) Republica Dominicana
90%
0,764(Es el septimo pais mas desarrollado de America Latina y es un pais del caribe, a pesar de tener fama por que sus habitantes salen en balsa para emigrar a los Estados Unidos, pero a pesar de eso es el septimo mas desarrollado de America Latina) Cuba
87%
0,762(Es el octavo pais mas desarrollado de America Latina, corresponde a un pais que ultimamente a tenido crisis politica interna, cambiando de presidentes cada periodo corto de tiempo, pero a pesar de eso es el octavo pais con mas idh, superando a paises como México, Brasil, Armenia, Azerbaiyan y Colombia) Perú
87%
No se encontraron pruebas coincidentes
Distribución de puntuación
Porcentaje de gente con cada puntuación
Porcentaje por número respondido
Historial de tus puntuaciones
No has intentado esta prueba.